Movies Quiz

Random Movies or Oscar Quiz

Films nominated for Acting Oscars (1970-1984) Quiz Stats

 Plays Quiz not verified by Sporcle

Challenge
Share
Tweet
Score 0/185 Timer 20:00
0 Plays Today
Year Film % Correct
1972The Godfather
96.6%
1974The Godfather Part II
93.9%
1970 Patton
93.2%
1971The French Connection
92%
1975One Flew Over the Cuckoo's Nest
91.3%
1979Kramer Vs Kramer
90.5%
1976Rocky
89.8%
1978The Deer Hunter
89.4%
1980Raging Bull
89.4%
1984Amadeus
89.4%
1983Terms of Endearment
89%
1977Annie Hall
88.6%
1980Ordinary People
88.6%
1982Gandhi
88.3%
1976Network
87.9%
1976Taxi Driver
87.1%
1973The Sting
86.7%
1974Chinatown
86.4%
1972Cabaret
85.2%
1975Dog Day Afternoon
84.8%
1978Coming Home
84.8%
1976All the President's Men
84.1%
1970Five Easy Pieces
83.3%
1977Star Wars
83%
1979Apocalypse Now
81.8%
1981Reds
81.8%
1971The Last Picture Show
81.1%
1977The Goodbye Girl
81.1%
1981On Golden Pond
81.1%
1984Places in the Heart
81.1%
1977Julia
80.3%
1971Klute
79.9%
1979Norma Rae
79.9%
1973The Exorcist
79.5%
1981Chariots of Fire
79.2%
1970Love Story
78.8%
1982Tootsie
78.8%
1970Airport
78.4%
1974Alice Doesn't Live Here Anymore
78.4%
1980Coal Miner's Daughter
78.4%
1970MASH
77.7%
1973Serpico
77.7%
1973Save the Tiger
77.3%
1982Sophie's Choice
76.9%
1983Tender Mercies
76.9%
1977The Turning Point
76.5%
1974Lenny
76.1%
1982The Verdict
75.4%
1975Nashville
75%
1979All that Jazz
74.6%
1984The Killing Fields
74.6%
1984A Passage to India
74.2%
1973Paper Moon
73.9%
1974The Towering Inferno
73.9%
1975Shampoo
73.9%
1973A Touch of Class
73.1%
1983The Big Chill
73.1%
1970Women in Love
72%
1974Harry and Tonto
71.2%
1973The Last Detail
70.8%
1974Murder on the Orient Express
70.8%
1978Heaven Can Wait
70.8%
Year Film % Correct
1981Arthur
70.5%
1980The Elephant Man
70.1%
1982Missing
70.1%
1982An Officer and a Gentleman
69.7%
1973The Paper Chase
69.3%
1979Being There
69.3%
1983The Right Stuff
68.2%
1975The Sunshine Boys
67.8%
1980Melvin and Howard
67.8%
1972Sounder
67%
1978An Unmarried Woman
67%
1978Midnight Express
66.7%
1979The China Syndrome
66.7%
1979Manhattan
65.9%
1981Atlantic City
65.9%
1976Carrie
65.5%
1972The Emigrants
65.2%
1978California Suite
65.2%
1981The French Lieutenant's Woman
65.2%
1970Ryan's Daughter
64.8%
1971Nicholas and Alexandra
63.6%
1984A Soldier's Story
63.6%
1971Fiddler on the Roof
62.9%
1972Sleuth
62.9%
1979Breaking Away
62.9%
1983The Dresser
62.5%
1976Marathon Man
62.1%
1977Saturday Night Fever
61%
1973American Graffiti
60.6%
1982Victor/Victoria
60.2%
1978Interiors
59.5%
1983Silkwood
59.5%
1977Close Encounters of the Third Kind
58.3%
1979...And Justice for All
58.3%
1982The World According to Garp
58.3%
1979The Rose
58%
1981Absence of Malice
57.2%
1975Tommy
56.1%
1982Frances
56.1%
1973The Way We Were
55.7%
1980The Great Santini
55.3%
1982The Best Little Whorehouse in Texas
55.3%
1972Butterflies are Free
54.9%
1972Lady Sings the Blues
54.5%
1971The Hospital
54.2%
1973Last Tango in Paris
54.2%
1974Blazing Saddles
54.2%
1977Equus
53.8%
1980The Stunt Man
53.8%
1983The Year of Living Dangerously
53.8%
1970I Never Sang for My Father
53.4%
1980Resurrection
53.4%
1978The Boys from Brazil
53%
1984Starman
52.7%
1984The River
52.3%
1970The Great White Hope
51.9%
1972Travels with My Aunt
51.9%
1980Private Benjamin
51.5%
1972The Heartbreak Kid
51.1%
1975Give 'em Hell, Harry!
51.1%
1979Starting Over
50.8%
1975Hedda
50.4%
Year Film % Correct
1984The Karate Kid
50.4%
1971Kotch
50%
1973Summer Wishes, Winter Dreams
49.2%
1978Same Time, Next Year
49.2%
1971Carnal Knowledge
48.9%
1977Looking for Mr Goodbar
48.9%
1978The Buddy Holly Story
48.9%
1971McCabe & Mrs. Miller
48.5%
1971Sunday Bloody Sunday
48.5%
1974Claudine
48.5%
1981Ragtime
48.1%
1981Only When I Laugh
47.7%
1984Country
47.7%
1972The Poseidon Adventure
47.3%
1983Educating Rita
47%
1984The Natural
46.2%
1970Diary of a Mad Housewife
45.5%
1970Little Big Man
45.5%
1984The Pope of Greenwich Village
45.5%
1974Thunderbolt and Lightfoot
45.1%
1979Chapter Two
44.7%
1980Gloria
43.9%
1980Tribute
43.9%
1972Fat City
43.6%
1978Autumn Sonata
43.6%
1983Cross Creek
43.2%
1983To Be or Not To Be
42.8%
1983Yentl
42.8%
1972The Ruling Class
42.4%
1974A Woman Under the Influence
42.4%
1975The Day of the Locust
42%
1976Face to Face
42%
1976Seven Beauties
42%
1975The Story of Adele H
41.3%
1974Day for Night
40.9%
1970Lovers and Other Strangers
40.5%
1973Cinderella Liberty
40.5%
1983Testament
40.5%
1975Hester Street
40.2%
1984Under the Volcano
40.2%
1983Reuben, Reuben
39.4%
1977A Special Day
38.3%
1984The Bostonians
37.9%
1971Who Is Harry Kellerman and Why Is He Saying Those Terrible Things About Me?
37.1%
1975Once is Not Enough
36%
1984Greystoke: The Legend of Tarzan, Lord of the Apes
36%
1982My Favourite Year
35.2%
1975The Man in the Glass Booth
34.8%
1972Pete 'n' Tillie
34.5%
1984Swing Shift
33.7%
1978Comes a Horseman
32.6%
1976Voyage of the Damned
32.2%
1980Inside Moves
32.2%
1973Bang the Drum Slowly
31.8%
1976Cousin, cousine
31.4%
1979The Black Stallion
30.7%
1970The Landlord
29.2%
1971Mary, Queen of Scots
29.2%
1971Sometimes a Great Notion
27.7%
1971The Go-Between
26.1%
1975Farewell My Lovely
18.6%

You're not logged in!

Compare scores with friends on all Sporcle quizzes.
Join for Free
OR
Log In

You Might Also Like...

Show Comments

Extras

Top Quizzes Today


Score Distribution

Your Account Isn't Verified!

In order to create a playlist on Sporcle, you need to verify the email address you used during registration. Go to your Sporcle Settings to finish the process.

Report this User

Report this user for behavior that violates our Community Guidelines.

Details: